Detalles MARC
| 000 -Cabecera |
| Campo de control de longitud fija |
01653nam a22005417a 4500 |
| 005 - Fecha y hora de la última transacción |
| Campo de control |
20241213183409.0 |
| 008 - Elementos de longitud fija--Información general |
| Campo de control de longitud fija |
220408b xxu||||| |||| 00| 0 spa d |
| 020 ## - International Standard Book Number |
| Número Internacional Estándar del Libro (ISBN) |
8448146492 |
| 041 ## - Idioma |
| Código de idioma |
|
| 082 ## - Clasificación Decimal Dewey |
| Número de clasificación |
658.401.2 G241d2 |
| 100 ## - Entrada principal--Autor personal |
| Nombre personal |
Garrido Buj, Santiago |
| 9 (RLIN) |
63138 |
| 245 ## - Título propiamente dicho |
| Título |
Dirección estratégica |
| 250 ## - Edición |
| Mención de edición |
2 edición |
| 260 ## - Pie de imprenta |
| Lugar de publicación, distribución, etc. |
España |
| Nombre del editor, distribuidor, etc. |
McGraw Hill |
| Fecha de publicación, distribución, etc. |
2006 |
| 300 ## - Descripción física |
| Extensión |
373 páginas |
| 650 ## - Materia general |
| Temática (materia general) |
ADMINISTRACIÓN ESTRATÉGICA |
| 650 ## - Materia general |
| Temática (materia general) |
ORGANIZACIÓN Y ESTRATEGIA |
| 650 ## - Materia general |
| Temática (materia general) |
ADMINISTRACIÓN DE EMPRESAS |
| 650 ## - Materia general |
| Temática (materia general) |
MÉTODO PARA SELECCIÓN DE ESTRATEGIAS |
| 650 ## - Materia general |
| Temática (materia general) |
TEORÍA ESTRATÉGICA |
| 650 ## - Materia general |
| Temática (materia general) |
PLANIFICACIÓN ESTRATÉGICA |
| 650 ## - Materia general |
| Temática (materia general) |
PROCESO ESTRATÉGICO |
| 650 ## - Materia general |
| Temática (materia general) |
MODELOS DE GESTIÓN |
| 650 ## - Materia general |
| Temática (materia general) |
CAMBIO ORGANIZACIONAL |
| 650 ## - Materia general |
| Temática (materia general) |
ENTORNO SECTORIAL |
| 650 ## - Materia general |
| Temática (materia general) |
ANÁLISIS DE RECURSOS |
| 650 ## - Materia general |
| Temática (materia general) |
RECURSOS FINANCIEROS |
| 650 ## - Materia general |
| Temática (materia general) |
PERSPECTIVA ESTRATÉGICA |
| 650 ## - Materia general |
| Temática (materia general) |
RECURSOS HUMANOS |
| 650 ## - Materia general |
| Temática (materia general) |
SISTEMAS ERP |
| 650 ## - Materia general |
| Temática (materia general) |
IDENTICACIÓN DE FORTALEZAS |
| 650 ## - Materia general |
| Temática (materia general) |
IDENTICACIÓN DE DEBILIDADES |
| 650 ## - Materia general |
| Temática (materia general) |
INNOVACIÓN EMPRESARIAL |
| 650 ## - Materia general |
| Temática (materia general) |
GESTIÓN DEL CONOCIMIENTO |
| 650 ## - Materia general |
| Temática (materia general) |
FORMULACIÓN DE LA ESTRATEGIA |
| 650 ## - Materia general |
| Temática (materia general) |
TOMA DE DECISIONES |
| 650 ## - Materia general |
| Temática (materia general) |
TIPOS DE ESTRATEGIA |
| 650 ## - Materia general |
| Temática (materia general) |
COMPETENCIA EMPRESARIAL |
| 650 ## - Materia general |
| Temática (materia general) |
IMPLEMENTACIÓN DE LA ESTRATEGIA |
| 650 ## - Materia general |
| Temática (materia general) |
EASIER |
| 650 ## - Materia general |
| Temática (materia general) |
ESTRATEGIAS COMPETITIVAS |
| 650 ## - Materia general |
| Temática (materia general) |
PLANIFICACIÓN DE LOS NEGOCIOS |
| 650 ## - Materia general |
| Temática (materia general) |
SISTEMA BSC |
| 650 ## - Materia general |
| Temática (materia general) |
VISION Y MISIÓN CORPORATIVA |
| 650 ## - Materia general |
| Temática (materia general) |
DESARROLLO EMPRESARIAL |
| 942 ## - Punto de acceso adicional KOHA |
| Tipo de ítem KOHA |
Libro |
| Fuente del sistema de clasificación o colocación |
Dewey Decimal Classification |